[Event "Feffernitz Raika op 16th"]
[Site "Feffernitz"]
[Date "2007.08.23"]
[Round "6"]
[White "Gorgs, Alfred"]
[Black "Altmann, Christoph"]
[Result "0-1"]
[WhiteElo "2108"]
[BlackElo "2075"]
[PlyCount "78"]
[EventDate "2007.08.19"]
[EventType "swiss"]
[EventRounds "9"]
[EventCountry "AUT"]
[SourceTitle "EXT 2008"]
[Source "ChessBase"]
[SourceDate "2007.11.25"]
[SourceVersion "1"]
[SourceVersionDate "2007.11.25"]
[SourceQuality "1"]

1. e4 e6 2. d4 d5 3. Nc3 Nf6 4. e5 Nfd7 5. f4 c5 6. Nf3 Nc6 7. Be3 a6 8. Qd2 b5 9. dxc5 Bxc5 10. Bxc5 Nxc5 11. Qf2 Qb6 12. Bd3 Rb8 13. 0-0 b4 14. Ne2 a5 15. Ned4 Ne7 16. Kh1 Bd7 17. Qg3 Nxd3 18. cxd3 0-0 19. Qf2 Bb5 20. Qe3 Qa6 21. Rad1 Ba4 22. Rd2 Bd7 23. g4 Rbe8 24. Rg2 Qc8 25. Rfg1 Ng6 26. Rc1 Qb8 27. Rgg1 f6 28. exf6 Rxf6 29. Ne5 Nxe5 30. fxe5 Rf7 31. g5 g6 32. Rc2 Ref8 33. Kg2 Rf4 34. Rgc1 Qd8 35. h4 Rxh4 36. Kg3 Rh5 37. Kg4 h6 38. Nf3 Rxf3 39. Kxf3 Rh3+ 0-1

[Event "Feffernitz Raika op 16th"]
[Site "Feffernitz"]
[Date "2007.08.21"]
[Round "4"]
[White "Sikula, Vaszilij"]
[Black "Gorgs, Alfred"]
[Result "1-0"]
[WhiteElo "2554"]
[BlackElo "2153"]
[PlyCount "85"]
[EventDate "2007.08.19"]
[EventType "swiss"]
[EventRounds "9"]
[EventCountry "AUT"]
[SourceTitle "EXT 2008"]
[Source "ChessBase"]
[SourceDate "2007.11.25"]
[SourceVersion "1"]
[SourceVersionDate "2007.11.25"]
[SourceQuality "1"]

1. e4 c5 2. Nf3 d6 3. d4 cxd4 4. Nxd4 Nf6 5. Nc3 Nc6 6. Be2 g6 7. Nb3 Bg7 8. 0-0 0-0 9. Re1 Be6 10. Bf1 a5 11. a4 Bxb3 12. cxb3 Nb4 13. Bg5 Rc8 14. Rc1 h6 15. Be3 Nd7 16. Qd2 Nc5 17. Bc4 Kh7 18. f3 Qb6 19. Red1 Rcd8 20. Qe2 e6 21. Qf2 Rc8 22. Nb5 Rfd8 23. Bf1 Bf8 24. e5 d5 25. Nd6 Rxd6 26. Bxc5 Rxc5 27. Qxc5 Qxc5+ 28. Rxc5 Rc6 29. Rxa5 Rc2 30. Kh1 Bc5 31. g3 b6 32. Ra7 Kg7 33. Bb5 Rxb2 34. f4 Rxb3 35. Be8 Kf8 36. Bxf7 Nd3 37. Rd2 Nf2+ 38. Kg2 Ne4 39. Re2 Nc3 40. Rc2 Nd1 41. Rd2 Ne3+ 42. Kh3 Nc4 43. Ra2 1-0

[Event "Budapest Spring op 22nd"]
[Site "Budapest"]
[Date "2006.03.28"]
[Round "6"]
[White "Gorgs, Alfred"]
[Black "Reynes Gonzalez, Miguel"]
[Result "1-0"]
[WhiteElo "2160"]
[BlackElo "2070"]
[PlyCount "53"]
[EventDate "2006.03.23"]
[EventType "swiss"]
[EventRounds "9"]
[EventCountry "HUN"]
[SourceTitle "CBM 111 Extra"]
[Source "ChessBase"]
[SourceDate "2006.05.09"]
[SourceVersion "1"]
[SourceVersionDate "2006.05.09"]
[SourceQuality "1"]

1. e4 e5 2. Nf3 Nc6 3. Bb5 Nf6 4. 0-0 Nxe4 5. d4 a6 6. Bxc6 dxc6 7. Qe2 Bf5 8. Rd1 Be7 9. dxe5 Qc8 10. Nd4 Bg6 11. Be3 0-0 12. a4 Rd8 13. Na3 c5 14. Nb3 b6 15. f3 Ng5 16. a5 Qb7 17. Qf2 Bh5 18. Bxg5 Bxg5 19. h4 Bf4 20. g4 Bxe5 21. Nc4 Bf6 22. gxh5 b5 23. Ne3 Bxb2 24. Rxd8+ Rxd8 25. Rd1 Rxd1+ 26. Nxd1 Qd5 27. Nxb2 1-0

[Event "Budapest Spring op 22nd"]
[Site "Budapest"]
[Date "2006.03.26"]
[Round "4"]
[White "Gorgs, Alfred"]
[Black "Sondermann, Johannes"]
[Result "0-1"]
[WhiteElo "2160"]
[BlackElo "2144"]
[PlyCount "72"]
[EventDate "2006.03.23"]
[EventType "swiss"]
[EventRounds "9"]
[EventCountry "HUN"]
[SourceTitle "CBM 111 Extra"]
[Source "ChessBase"]
[SourceDate "2006.05.09"]
[SourceVersion "1"]
[SourceVersionDate "2006.05.09"]
[SourceQuality "1"]

1. e4 c5 2. Nf3 d6 3. d4 cxd4 4. Nxd4 Nf6 5. Nc3 a6 6. Be2 e5 7. Nb3 Be7 8. 0-0 Be6 9. f4 Qc7 10. a4 Nbd7 11. Qd3 exf4 12. Bxf4 Ne5 13. Qg3 Neg4 14. Bxg4 Nxg4 15. Nd5 Bxd5 16. exd5 h5 17. Rae1 0-0-0 18. Bd2 Bf6 19. Ba5 b6 20. Bc3 Bxc3 21. bxc3 g6 22. Qd3 Kb7 23. Rb1 Ne5 24. Na5+ Ka7 25. Nc6+ Nxc6 26. dxc6 f5 27. a5 Rb8 28. Rfe1 Rhc8 29. Qd4 Ka8 30. axb6 Qxc6 31. Re7 Rb7 32. Rxb7 Qxb7 33. Qxd6 Rxc3 34. Ra1 Rxc2 35. Qd8+ Rc8 36. Qd3 Qxb6+ 0-1

[Event "Budapest Spring op 22nd"]
[Site "Budapest"]
[Date "2006.03.23"]
[Round "1"]
[White "Katona, Jozsef"]
[Black "Gorgs, Alfred"]
[Result "1-0"]
[WhiteElo "2065"]
[BlackElo "2160"]
[PlyCount "61"]
[EventDate "2006.03.23"]
[EventType "swiss"]
[EventRounds "9"]
[EventCountry "HUN"]
[SourceTitle "CBM 111 Extra"]
[Source "ChessBase"]
[SourceDate "2006.05.09"]
[SourceVersion "1"]
[SourceVersionDate "2006.05.09"]
[SourceQuality "1"]

1. d4 d5 2. c4 e6 3. Nc3 Be7 4. Nf3 Nf6 5. cxd5 exd5 6. Bg5 c6 7. e3 Bf5 8. Bd3 Bxd3 9. Qxd3 Nbd7 10. 0-0 0-0 11. Rab1 a5 12. Rfc1 Re8 13. a3 h6 14. Bh4 Nb6 15. Nd2 Ng4 16. Bg3 Bh4 17. Nf1 Bxg3 18. hxg3 Qg5 19. Re1 a4 20. f3 Nf6 21. Re2 Nc4 22. e4 Qg6 23. Rd1 Nh5 24. f4 Nf6 25. f5 Qh5 26. e5 Ng4 27. Qf3 c5 28. Nxd5 cxd4 29. Rxd4 Ncxe5 30. Rxe5 Rxe5 31. Rxg4 1-0

[Event "Budapest FS09 IM"]
[Site "Budapest"]
[Date "2003.09.14"]
[Round "9"]
[White "Gorgs, Alfred"]
[Black "Szabo, Krisztian"]
[Result "0-1"]
[WhiteElo "2188"]
[BlackElo "2277"]
[PlyCount "88"]
[EventDate "2003.09.06"]
[EventType "tourn"]
[EventRounds "11"]
[EventCountry "HUN"]
[EventCategory "2"]
[SourceTitle "CBM 096 Extra"]
[Source "ChessBase"]
[SourceDate "2003.10.22"]
[SourceVersion "2"]
[SourceVersionDate "2003.10.20"]
[SourceQuality "1"]

1. e4 c5 2. Nf3 d6 3. d4 cxd4 4. Nxd4 Nf6 5. Nc3 a6 6. Bg5 e6 7. f4 Be7 8. Qf3 Qc7 9. 0-0-0 Nbd7 10. g4 b5 11. Bxf6 Nxf6 12. g5 Nd7 13. f5 Bxg5+ 14. Kb1 Ne5 15. Qg3 Qe7 16. Bh3 h6 17. fxe6 fxe6 18. Rhf1 Rf8 19. Nce2 Rxf1 20. Rxf1 Nc4 21. Nf3 Bf6 22. Nf4 Ra7 23. e5 dxe5 24. Nh5 e4 25. Qg6+ Qf7 26. Nxf6+ gxf6 27. Qxe4 f5 28. Qf4 Qf6 29. c3 e5 30. Re1 Re7 31. Qg3 Rg7 32. Qf2 Bb7 33. Nd4 f4 34. Nf5 Rd7 35. Qc5 Be4+ 36. Rxe4 Nd2+ 37. Kc1 Nxe4 38. Qc8+ Rd8 39. Qb7 Nd6 40. Qxa6 Kf8 41. Qc6 e4 42. Qc5 e3 43. Kd1 Kg8 44. Ke1 Nxf5 0-1

[Event "Budapest FS09 IM"]
[Site "Budapest"]
[Date "2003.09.11"]
[Round "6"]
[White "Gerard, Nicolas"]
[Black "Gorgs, Alfred"]
[Result "1-0"]
[WhiteElo "2285"]
[BlackElo "2188"]
[PlyCount "49"]
[EventDate "2003.09.06"]
[EventType "tourn"]
[EventRounds "11"]
[EventCountry "HUN"]
[EventCategory "2"]
[SourceTitle "CBM 096 Extra"]
[Source "ChessBase"]
[SourceDate "2003.10.22"]
[SourceVersion "2"]
[SourceVersionDate "2003.10.20"]
[SourceQuality "1"]

1. d4 Nf6 2. c4 g6 3. Nc3 Bg7 4. e4 0-0 5. f4 d6 6. Nf3 c5 7. d5 e6 8. Be2 exd5 9. cxd5 Bg4 10. 0-0 Nbd7 11. Re1 Re8 12. h3 Bxf3 13. Bxf3 Qa5 14. Be3 b5 15. a3 Rac8 16. Qe2 c4 17. Qf2 a6 18. Bd4 Qc7 19. Rad1 Re7 20. e5 dxe5 21. d6 exd4 22. dxc7 Rxe1+ 23. Qxe1 dxc3 24. Qxc3 Rxc7 25. Qa5 1-0

[Event "Budapest FS09 IM"]
[Site "Budapest"]
[Date "2003.09.10"]
[Round "5"]
[White "Gorgs, Alfred"]
[Black "Armbruster, Alexander"]
[Result "0-1"]
[WhiteElo "2188"]
[BlackElo "2253"]
[PlyCount "54"]
[EventDate "2003.09.06"]
[EventType "tourn"]
[EventRounds "11"]
[EventCountry "HUN"]
[EventCategory "2"]
[SourceTitle "CBM 096 Extra"]
[Source "ChessBase"]
[SourceDate "2003.10.22"]
[SourceVersion "2"]
[SourceVersionDate "2003.10.20"]
[SourceQuality "1"]

1. e4 d6 2. d4 Nf6 3. Nc3 g6 4. f3 c6 5. Be3 b5 6. Qd2 Nbd7 7. 0-0-0 Nb6 8. e5 Nfd5 9. Nxd5 Nxd5 10. Bh6 Bxh6 11. Qxh6 Qa5 12. Kb1 Be6 13. Ne2 Nb4 14. a3 Nd5 15. Nf4 Nxf4 16. Qxf4 b4 17. Qd2 Rb8 18. exd6 exd6 19. b3 Qxa3 20. d5 cxd5 21. h4 Kd7 22. h5 Rhc8 23. hxg6 hxg6 24. Rh7 Rc5 25. Qd4 Rbc8 26. Bd3 Ra5 27. Bxg6 Rc3 0-1

[Event "Budapest FS09 IM"]
[Site "Budapest"]
[Date "2003.09.09"]
[Round "4"]
[White "Steiner, Bruno"]
[Black "Gorgs, Alfred"]
[Result "1-0"]
[WhiteElo "2245"]
[BlackElo "2188"]
[PlyCount "51"]
[EventDate "2003.09.06"]
[EventType "tourn"]
[EventRounds "11"]
[EventCountry "HUN"]
[EventCategory "2"]
[SourceTitle "CBM 096 Extra"]
[Source "ChessBase"]
[SourceDate "2003.10.22"]
[SourceVersion "2"]
[SourceVersionDate "2003.10.20"]
[SourceQuality "1"]

1. e4 c5 2. Nf3 Nc6 3. Bb5 g6 4. Bxc6 bxc6 5. d3 Bg7 6. h3 Rb8 7. Nc3 d6 8. 0-0 e5 9. Rb1 Nf6 10. Be3 0-0 11. Qd2 Ne8 12. Nh2 Nc7 13. f4 exf4 14. Bxf4 Ne6 15. Bh6 Nd4 16. Bxg7 Kxg7 17. Rf2 Be6 18. Qf4 f6 19. b3 Qa5 20. Na4 Rbd8 21. Rbf1 Rd7 22. c3 Nb5 23. Nf3 Qd8 24. d4 cxd4 25. c4 Nc3 26. Nxd4 1-0

[Event "Budapest FS09 IM"]
[Site "Budapest"]
[Date "2003.09.06"]
[Round "1"]
[White "Madl, Ildiko"]
[Black "Gorgs, Alfred"]
[Result "1-0"]
[WhiteElo "2361"]
[BlackElo "2188"]
[PlyCount "45"]
[EventDate "2003.09.06"]
[EventType "tourn"]
[EventRounds "11"]
[EventCountry "HUN"]
[EventCategory "2"]
[SourceTitle "CBM 096 Extra"]
[Source "ChessBase"]
[SourceDate "2003.10.22"]
[SourceVersion "2"]
[SourceVersionDate "2003.10.20"]
[SourceQuality "1"]

1. e4 c5 2. Nf3 Nc6 3. d4 cxd4 4. Nxd4 Nf6 5. Nc3 d6 6. Bc4 Qb6 7. Nxc6 bxc6 8. 0-0 g6 9. Qe2 Bg7 10. e5 dxe5 11. Qxe5 0-0 12. Qxe7 Bf5 13. Bb3 Rae8 14. Qd6 Ng4 15. Bf4 Bxc3 16. bxc3 Re2 17. Bg3 Rd8 18. Qf4 Nf6 19. Qc4 Re7 20. Rae1 Ne4 21. Bh4 g5 22. Bxg5 Nxf2 23. Be3 1-0

[Event "Budapest Spring op 19th"]
[Site "Budapest"]
[Date "2003.03.21"]
[Round "8"]
[White "Trajber, Csaba"]
[Black "Gorgs, Alfred"]
[Result "0-1"]
[WhiteElo "2052"]
[BlackElo "2164"]
[PlyCount "70"]
[EventDate "2003.03.14"]
[EventType "swiss"]
[EventRounds "9"]
[EventCountry "HUN"]
[SourceTitle "CBM 093 Extra"]
[Source "ChessBase"]
[SourceDate "2003.05.09"]
[SourceVersion "1"]
[SourceVersionDate "2003.05.09"]
[SourceQuality "1"]

1. e4 c5 2. Nf3 Nc6 3. d4 cxd4 4. Nxd4 Nf6 5. Nc3 d6 6. Bg5 e6 7. Qd2 a6 8. 0-0-0 h6 9. Be3 Be7 10. f3 Nxd4 11. Bxd4 e5 12. Be3 Be6 13. Kb1 b5 14. Nd5 Bxd5 15. exd5 Nd7 16. Bd3 Bg5 17. g3 Bxe3 18. Qxe3 0-0 19. g4 Qh4 20. c3 g6 21. Rhg1 Kg7 22. Rd2 Rfb8 23. Rf2 b4 24. c4 Qg5 25. Qe2 a5 26. Qf1 Nc5 27. f4 exf4 28. Rxf4 Nxd3 29. Rxf7+ Kg8 30. Rd7 Ne5 31. Rxd6 Rf8 32. Qe2 Rae8 33. Qc2 Qe3 34. Rc1 Rf2 35. Qa4 Qxc1+ 0-1

[Event "Budapest Spring op 18th"]
[Site "Budapest"]
[Date "2002.03.23"]
[Round "9"]
[White "Gorgs, Alfred"]
[Black "Dinckel, Joerg"]
[Result "1-0"]
[WhiteElo "2169"]
[BlackElo "2129"]
[PlyCount "55"]
[EventDate "2002.03.15"]
[EventType "swiss"]
[EventRounds "9"]
[EventCountry "HUN"]
[SourceTitle "CBM 087 Extra"]
[Source "ChessBase"]
[SourceDate "2002.05.03"]
[SourceVersion "2"]
[SourceVersionDate "2002.08.09"]
[SourceQuality "1"]

1. e4 c5 2. Nf3 e6 3. d4 cxd4 4. Nxd4 Nf6 5. Nc3 Nc6 6. Be2 d6 7. 0-0 Be7 8. Be3 a6 9. f4 0-0 10. Qe1 Qc7 11. Qg3 Re8 12. e5 Nd5 13. Nf5 g6 14. Nxd5 exd5 15. Nh6+ Kg7 16. f5 dxe5 17. fxg6 fxg6 18. Rf7+ Kh8 19. Bd3 Qd6 20. Raf1 e4 21. Rf8+ Rxf8 22. Rxf8+ Bxf8 23. Nf7+ Kg7 24. Nxd6 Bxd6 25. Qxd6 exd3 26. Bg5 dxc2 27. Qf6+ Kg8 28. Bh6 1-0

[Event "Budapest Spring op 18th"]
[Site "Budapest"]
[Date "2002.03.20"]
[Round "6"]
[White "Horvath, Andras"]
[Black "Gorgs, Alfred"]
[Result "1-0"]
[WhiteElo "2299"]
[BlackElo "2169"]
[PlyCount "67"]
[EventDate "2002.03.15"]
[EventType "swiss"]
[EventRounds "9"]
[EventCountry "HUN"]
[SourceTitle "CBM 087 Extra"]
[Source "ChessBase"]
[SourceDate "2002.05.03"]
[SourceVersion "2"]
[SourceVersionDate "2002.08.09"]
[SourceQuality "1"]

1. d4 d5 2. Nf3 Nf6 3. g3 e6 4. Bg2 Be7 5. 0-0 0-0 6. c4 dxc4 7. Na3 c6 8. Nxc4 b5 9. Nce5 Bb7 10. Qc2 h6 11. Rd1 Qb6 12. a4 Na6 13. Bf4 Nb4 14. Qb3 a6 15. a5 Qa7 16. Ng6 fxg6 17. Qxe6+ Rf7 18. Ne5 Raf8 19. Nxg6 Bc8 20. Nxe7+ Qxe7 21. Qxe7 Rxe7 22. Bd6 Nbd5 23. Bxe7 Nxe7 24. Rac1 Bd7 25. e4 Be6 26. d5 cxd5 27. Rc7 Rf7 28. exd5 Nexd5 29. Rc6 Bd7 30. Rxa6 Nb4 31. Rad6 Bf5 32. a6 Kh7 33. Bb7 Be4 34. Rxf6 1-0

[Event "Montecatini Terme op"]
[Site "Montecatini Terme"]
[Date "1998.??.??"]
[Round "7"]
[White "Gorgs, Alfred"]
[Black "Arnold, Johannes"]
[Result "0-1"]
[WhiteElo "2185"]
[BlackElo "2325"]
[PlyCount "48"]
[EventDate "1998.??.??"]
[EventType "swiss"]
[EventRounds "9"]
[EventCountry "ITA"]
[SourceTitle "EXT 2000"]
[Source "ChessBase"]
[SourceDate "1999.11.16"]
[SourceVersion "1"]
[SourceVersionDate "1999.11.16"]
[SourceQuality "1"]

1. e4 c5 2. Nf3 Nc6 3. d4 cxd4 4. Nxd4 Nf6 5. Nc3 d6 6. Be2 g6 7. Be3 Bg7 8. Nb3 0-0 9. f4 a6 10. Bf3 Be6 11. 0-0 Rc8 12. Qd2 Bg4 13. Qf2 b5 14. Rad1 Bxf3 15. Qxf3 Qc7 16. Nd5 Nxd5 17. exd5 Na5 18. Nd4 Nc4 19. Bc1 Qc5 20. c3 b4 21. Kh1 bxc3 22. bxc3 Nb6 23. Nc6 Nxd5 24. Qxd5 Rxc6 0-1

[Event "Montecatini Terme op"]
[Site "Montecatini Terme"]
[Date "1998.??.??"]
[Round "6"]
[White "Grosse Kloenne, Elmar"]
[Black "Gorgs, Alfred"]
[Result "1/2-1/2"]
[WhiteElo "2270"]
[BlackElo "2185"]
[PlyCount "52"]
[EventDate "1998.??.??"]
[EventType "swiss"]
[EventRounds "9"]
[EventCountry "ITA"]
[SourceTitle "EXT 2000"]
[Source "ChessBase"]
[SourceDate "1999.11.16"]
[SourceVersion "1"]
[SourceVersionDate "1999.11.16"]
[SourceQuality "1"]

1. e4 c5 2. Nf3 Nc6 3. Bb5 g6 4. Bxc6 bxc6 5. d3 Bg7 6. 0-0 Nf6 7. Re1 0-0 8. h3 d6 9. e5 Nd5 10. Nbd2 Rb8 11. Nb3 Ba6 12. Bd2 Qd7 13. Qe2 Rfe8 14. Qe4 Nb4 15. Rac1 Nxa2 16. Ra1 Nb4 17. d4 Bc4 18. Bxb4 Bd5 19. Qe3 Rxb4 20. dxc5 Bxf3 21. Qxf3 Bxe5 22. Qd3 Bxb2 23. Rab1 Bf6 24. cxd6 exd6 25. Rxe8+ Qxe8 26. Qxd6 Qe7 1/2-1/2

[Event "Montecatini Terme op"]
[Site "Montecatini Terme"]
[Date "1994.??.??"]
[Round "?"]
[White "Gorgs, Alfred"]
[Black "Barlocco, Carlo"]
[Result "1/2-1/2"]
[WhiteElo "2195"]
[BlackElo "2280"]
[PlyCount "36"]
[EventDate "1994.??.??"]
[EventType "swiss"]
[EventRounds "9"]
[EventCountry "ITA"]
[SourceTitle "EXT 1999"]
[Source "ChessBase"]
[SourceDate "1998.11.16"]
[SourceVersion "1"]
[SourceVersionDate "1998.11.16"]
[SourceQuality "1"]

1. e4 c5 2. Nf3 e6 3. d4 cxd4 4. Nxd4 Nf6 5. Nc3 Bb4 6. e5 Ne4 7. Qg4 Nxc3 8. Qxg7 Rf8 9. a3 Qa5 10. axb4 Qxa1 11. Nb3 Qb1 12. Bd3 Na2 13. c3 Qxd3 14. Bh6 Kd8 15. Qxf8+ Kc7 16. Qc5+ Nc6 17. b5 Qb1+ 18. Bc1 Nxc1 1/2-1/2

[Event "Montecatini Terme op"]
[Site "Montecatini Terme"]
[Date "1994.??.??"]
[Round "?"]
[White "Gorgs, Alfred"]
[Black "Laco, Giuseppe"]
[Result "1-0"]
[WhiteElo "2195"]
[BlackElo "2255"]
[PlyCount "81"]
[EventDate "1994.??.??"]
[EventType "swiss"]
[EventRounds "9"]
[EventCountry "ITA"]
[SourceTitle "EXT 1999"]
[Source "ChessBase"]
[SourceDate "1998.11.16"]
[SourceVersion "1"]
[SourceVersionDate "1998.11.16"]
[SourceQuality "1"]

1. e4 c5 2. Nf3 e6 3. d4 cxd4 4. Nxd4 a6 5. Nc3 Qc7 6. Be2 Nf6 7. 0-0 Nc6 8. Be3 b5 9. f4 b4 10. Na4 Nxe4 11. Bf3 d5 12. f5 Bd6 13. Bxe4 dxe4 14. fxe6 Nd8 15. Nb6 Qxb6 16. exf7+ Nxf7 17. Rxf7 g6 18. Qf1 Rf8 19. Rxf8+ Bxf8 20. Qf4 Qb7 21. Rf1 Bg7 22. Nb3 Qd5 23. Nc5 Bb7 24. Qc7 Be5 25. Qxh7 0-0-0 26. Nxb7 Rh8 27. Qe7 Bxh2+ 28. Kf2 Qxb7 29. Qf6 Re8 30. g3 Qc7 31. Qxa6+ Qb7 32. Qxb7+ Kxb7 33. Kg2 Rc8 34. Rf2 Bxg3 35. Kxg3 Ra8 36. Kf4 Rxa2 37. Bd4 Kc6 38. Kxe4 Kb5 39. Kd3 Ra8 40. Rf6 g5 41. Rf5+ 1-0

[Event "Budapest Spring op 10th"]
[Site "Budapest"]
[Date "1994.??.??"]
[Round "5"]
[White "Nepomnishay, Mikhail I"]
[Black "Gorgs, Alfred"]
[Result "1-0"]
[WhiteElo "2345"]
[BlackElo "2225"]
[PlyCount "81"]
[EventDate "1994.03.??"]
[EventType "swiss"]
[EventRounds "9"]
[EventCountry "HUN"]
[SourceTitle "EXT 1997"]
[Source "ChessBase"]
[SourceDate "1996.11.15"]
[SourceVersion "1"]
[SourceVersionDate "1996.11.15"]
[SourceQuality "1"]

1. d4 Nf6 2. c4 g6 3. Nc3 Bg7 4. Nf3 0-0 5. g3 d6 6. Bg2 Nc6 7. 0-0 a6 8. b3 Rb8 9. Bb2 Bd7 10. Rc1 b5 11. Nd5 bxc4 12. Nxf6+ Bxf6 13. Rxc4 Na5 14. Rc2 Bf5 15. Rc1 Qd7 16. Bc3 Qb5 17. Qd2 Nb7 18. d5 Bxc3 19. Rxc3 Nc5 20. Nd4 Qd7 21. f3 Bh3 22. Nc6 Rbe8 23. b4 Bxg2 24. Kxg2 Na4 25. Rc2 e5 26. dxe6 Rxe6 27. e4 Nb6 28. Rfc1 d5 29. e5 Qe8 30. Kf2 f6 31. Nd4 Rxe5 32. Rxc7 Rh5 33. h4 Qe5 34. Qe3 Nc4 35. Qxe5 fxe5 36. Nc6 g5 37. Ne7+ Kh8 38. Nxd5 Nd2 39. Rc8 Rxc8 40. Rxc8+ Kg7 41. Rc7+ 1-0